Arsenal Kader 25/26 - Statistiken

Allgemein
  • Dieses Quiz wurde 164 mal gespielt
  • Das Durchschnittsergebnis liegt bei 17 aus 25
Antwortstatistiken
Rückennummer Position Spieler % Korrekt
7 RF Bukayo Saka
96%
2 IV William Saliba
95%
1 TW David Raya
94%
29 ST Kai Havertz
91%
11 LF Gabriel Martinelli
90%
8 ZOM Martin Ødegaard
90%
6 IV Gabriel Magalhães
88%
41 ZM Declan Rice
85%
14 ST Viktor Gyökeres
84%
19 LF Leandro Trossard
76%
4 RV Ben White
74%
9 ST Gabriel Jesus
72%
49 LV Myles Lewis-Skelly
67%
10 ZOM Eberechi Eze
66%
12 RV Jurriën Timber
66%
23 ZM Mikel Merino
66%
36 ZDM Martín Zubimendi
64%
33 LV Riccardo Calafiori
57%
20 RF Noni Madueke
53%
5 IV Piero Hincapié
47%
13 TW Kepa Arrizabalaga
46%
22 ZOM Ethan Nwaneri
45%
3 IV Cristhian Mosquera
41%
56 ZOM Max Dowman
41%
16 ZDM Christian Nørgaard
40%
Keine übereinstimmenden Quizze gefunden
Verteilung der Resultate
Anzahl Personen mit jedem Resultat
Perzentil nach korrekt beantworteten Fragen
Ihre Resultats-Entwicklung
Sie haben dieses Quiz noch nicht gespielt